| 000 | 00817nam a22002417a 4500 | ||
|---|---|---|---|
| 005 | 20170124110155.0 | ||
| 010 | _aB-132710 | ||
| 020 |
_c00.00 _a0070593973 |
||
| 035 | _aB-132710 | ||
| 037 | _bCen Lib/Ret | ||
| 040 |
_aDPL _bEN |
||
| 082 |
_a658.4092 _bHIE |
||
| 100 |
_aHiebert, Murray _934823 |
||
| 245 |
_aThe encyclopedia of leadership : _cby Murray Hiebert [and] Bruce Klatt _ba practical guide to popular leadership theories and techniques / |
||
| 260 |
_aNew Delhi _bTata McGraw-Hill _c2004 |
||
| 270 |
_a7 West Patel Nagar _bNew Delhi _e110008 |
||
| 300 |
_axxxi,479p. : _c24cm(Hb) _bill. |
||
| 500 | _aIncludes index | ||
| 650 |
_aLeadership _934824 |
||
| 650 |
_aLeadership -- Guides, manuels, etc _934825 |
||
| 700 |
_aKlatt, Bruce _934826 |
||
| 942 |
_2ddc _cEN _h658.4092 _mHIE |
||
| 999 |
_c132473 _d132473 |
||